[Event "AUTO-OPEN-2020"]
[Site "http://www.queenalice.com/game.php?id=795114"]
[Date "2010.6.26"]
[Round "1"]
[White "Elquimico"]
[Black "acm_chessmaster"]
[Result "0-1"]
[WhiteElo "1531"]
[BlackElo "1794"]

1. d4 d5 2. e3 Nc6 3. c4 e6 4. Nc3 dxc4 5. Bxc4 Bb4 6. Bd2 Nf6 7. a3 Be7 8. b4
a6 9. Nge2 Bd7 10. e4 O-O 11. e5 Ne8 12. Nf4 Nxd4 13. Be3 Nf5 14. Qe2 Nxe3 15.
Qxe3 Bg5 16. Ne4 Bxf4 17. Qxf4 Bc6 18. Rd1 Qe7 19. O-O b5 20. Qg4 bxc4 21. f4
Bxe4 22. Rd4 Bc2 23. Rxc4 Bd3 24. Rcc1 Bxf1 25. Rxf1 c5 26. bxc5 Qxc5+ 27. Kh1
Rb8 28. Qd1 Qxa3 29. h3 Qb3 30. Qe1 Nc7 31. Rg1 Nd5 32. Kh2 Nxf4 33. Qh4 Rb4 34.
Rf1 Ng6 35. Qe1 Rf4 36. Rxf4 Nxf4 37. Qf2 Qc4 38. Qf3 g6 39. Qe3 Rb8 40. Qf3 Rb3
41. Qa8+ Kg7 42. Qd8 Nh5 43. Qg5 Qf4+ 44. Qxf4 Nxf4 45. h4 h6 46. g3 Rb2+ 47.
Kg1 Nh3+ 48. Kf1 a5 49. h5 a4 50. g4 a3 51. hxg6 a2 52. Ke1 a1=R# 0-1

[Event "AUTO-INT-1742"]
[Site "http://www.queenalice.com/game.php?id=796679"]
[Date "2010.6.29"]
[Round "1"]
[White "Tenista"]
[Black "Elquimico"]
[Result "0-1"]
[WhiteElo "1690"]
[BlackElo "1461"]

1. e4 e5 2. Bc4 c6 3. Qf3 Nf6 4. g4 d5 5. exd5 cxd5 6. Bb3 Nc6 7. g5 Nd4 8. Qe3
Ng4 9. Qd3 Bf5 10. Qf1 Bxc2 11. Bxc2 Nxc2+ 12. Kd1 Nxa1 13. h3 Qxg5 14. hxg4
Qxg4+ 15. Ne2 Qa4+ 16. b3 Qxa2 17. Nbc3 Qxb3+ 18. Ke1 Nc2+ 19. Kd1 Ne3+ 20. Ke1
Nxf1 21. Rxf1 Bc5 22. f3 O-O 23. f4 d4 24. Ne4 Bb4 25. fxe5 Qh3 26. Nxd4 Qh4+
27. Nf2 Qxd4 28. Kd1 Rac8 29. Nh3 Qg4+ 30. Ke1 Rxc1+ 31. Kf2 Bc5+ 32. d4 Bxd4#
0-1

[Event "AUTO-INT-1742"]
[Site "http://www.queenalice.com/game.php?id=796680"]
[Date "2010.6.29"]
[Round "1"]
[White "Elquimico"]
[Black "Tenista"]
[Result "1-0"]
[WhiteElo "1509"]
[BlackElo "1665"]

1. e4 Nc6 2. d3 Nf6 3. c3 e5 4. Be3 d5 5. Nd2 d4 6. Bg5 Be7 7. Be2 h6 8. Bxf6
Bxf6 9. b4 dxc3 10. Nc4 Nxb4 11. Qa4+ Nc6 12. Rc1 Bd7 13. Rxc3 Nd4 14. Qb4 Nxe2
15. Nxe2 Be7 16. Qb3 O-O 17. Nxe5 Be6 18. Qc2 Bb4 19. O-O Bxc3 20. Nxc3 a5 21.
f4 Kh7 22. f5 Bc8 23. Nd5 c6 24. Nf4 Qd4+ 25. Kh1 Qxe5 26. Ng6 fxg6 27. fxg6+
Kg8 28. Qc4+ Be6 29. Qc1 Rxf1+ 30. Qxf1 Rf8 31. Qb1 b5 32. Qd1 Rf2 33. Qe1 Qb2
34. h3 Rxg2 35. Qf1 Bxh3 36. Qf7+ 1-0

[Event "AUTO-INT-1742"]
[Site "http://www.queenalice.com/game.php?id=796693"]
[Date "2010.6.29"]
[Round "1"]
[White "Jessica_Biel"]
[Black "Elquimico"]
[Result "0-1"]
[WhiteElo "1506"]
[BlackElo "1542"]

1. e4 e5 2. Nf3 d6 3. d4 Nf6 4. Nc3 c5 5. dxe5 Ng4 6. exd6 Bxd6 7. Bc4 a6 8. O-O
b5 9. Bd5 Ra7 10. h3 Ne5 11. Nxe5 Bxe5 0-1

[Event "AUTO-INT-1742"]
[Site "http://www.queenalice.com/game.php?id=796694"]
[Date "2010.6.29"]
[Round "1"]
[White "Elquimico"]
[Black "Jessica_Biel"]
[Result "1-0"]
[WhiteElo "1526"]
[BlackElo "1530"]

1. e4 e6 2. d3 d5 3. e5 c5 4. c4 dxc4 5. Qa4+ Nc6 6. dxc4 Bd7 7. Nf3 Nxe5 8. Qb3
Nxf3+ 9. Qxf3 Bc6 10. Qg4 Nf6 11. Qg5 Qd4 12. Nc3 1-0

[Event "AUTO-INT-1742"]
[Site "http://www.queenalice.com/game.php?id=796703"]
[Date "2010.6.29"]
[Round "1"]
[White "Elquimico"]
[Black "agjjr"]
[Result "1-0"]
[WhiteElo "1388"]
[BlackElo "1721"]

1. c4 e5 2. d4 exd4 3. Qxd4 Nc6 4. Qd3 Nf6 5. e4 Nb4 6. Qc3 Qe7 7. e5 Ne4 8. Qb3
Qxe5 9. Ne2 d5 10. Nd2 Bf5 11. Nf3 Qe6 12. a3 dxc4 13. Qa4+ Nc6 14. Be3 b6 15.
Nf4 Qf6 16. Nd5 Qd6 17. Bxc4 Bd7 18. Qb3 Na5 19. Qd3 Bf5 20. Bf4 Ng3 21. Qe3+
Kd7 22. Bxd6 Re8 23. Ne5+ Kc8 24. Ba6+ Kb8 25. Nd7+ Bxd7 26. Bxc7+ Ka8 27. Be5
Bd6 28. f4 1-0

[Event "AUTO-INT-1742"]
[Site "http://www.queenalice.com/game.php?id=796704"]
[Date "2010.6.29"]
[Round "1"]
[White "agjjr"]
[Black "Elquimico"]
[Result "0-1"]
[WhiteElo "1697"]
[BlackElo "1552"]

1. e4 c5 2. Nf3 d5 3. exd5 Qxd5 4. Nc3 Qd6 5. Nb5 Qc6 6. d4 e6 7. Ne5 Qb6 8. Bc4
a6 9. Nc3 cxd4 10. Ne2 Qa5+ 11. Bd2 Qxe5 12. O-O b5 13. Bf4 Qc5 14. Bb3 Nc6 15.
c3 e5 16. Bxe5 Qxe5 17. Re1 Be7 18. Nxd4 Qc5 19. Qf3 Bd7 20. Qxf7+ Kd8 21. Rad1
Kc7 22. Qxg7 Bf6 23. Ne6+ Kb6 24. Qxd7 Qe7 25. Qxe7 Ncxe7 26. Rd6+ Nc6 27. Nf4
Ne7 28. Rxf6 Rhf8 29. Rxf8 Rxf8 30. Ne6 Rf6 31. g3 h5 32. Nf4 h4 33. Bd5 Nc8 34.
Bxc6 Kxc6 35. Re6+ Rxe6 36. Nxe6 hxg3 37. hxg3 Nd6 38. Nd4+ Kd5 39. Kg2 Ne4 40.
f3 Nd6 41. g4 Ke5 42. Kg3 Nc4 43. b3 Ne3 44. a4 bxa4 45. bxa4 Nd1 46. Nc6+ Kd6
47. Nb4 Nxc3 48. Nxa6 Nxa4 49. Kf4 Nb6 50. Nb4 Ke6 51. g5 Nc4 52. Nd3 Nb6 53.
Ke4 Nd7 54. f4 Kf7 55. Ne5+ Nxe5 56. fxe5 Kg6 57. Kd5 Kxg5 58. Ke6 Kg6 59. Ke7
Kf5 60. e6 Ke5 0-1

[Event "AUTO-INT-1772"]
[Site "http://www.queenalice.com/game.php?id=810298"]
[Date "2010.7.29"]
[Round "1"]
[White "Elquimico"]
[Black "joaoreis001"]
[Result "0-1"]
[WhiteElo "1563"]
[BlackElo "1691"]

1. d4 d5 2. e3 Nf6 3. c4 Qd6 4. Nc3 dxc4 5. Bxc4 e6 6. Nb5 Qb4+ 7. Bd2 Qe7 8.
Qa4 Nc6 9. Ba5 b6 10. Bc3 Bb7 11. d5 exd5 12. Bd3 a6 13. Nd4 Qd7 14. Bf5 Qd6 15.
Ngf3 Nd7 16. Rd1 Nc5 17. Qc2 Be7 18. b4 Ne6 19. Nxe6 fxe6 20. Bxh7 O-O-O 21. a4
e5 22. Bf5+ Kb8 23. O-O e4 24. Nd4 Qxh2# 0-1

[Event "AUTO-INT-1772"]
[Site "http://www.queenalice.com/game.php?id=810299"]
[Date "2010.7.29"]
[Round "1"]
[White "joaoreis001"]
[Black "Elquimico"]
[Result "1-0"]
[WhiteElo "1661"]
[BlackElo "1570"]

1. d4 d6 2. e4 c5 3. Bc4 a6 4. Nc3 Nf6 5. dxc5 Nc6 6. Nf3 b5 7. Bb3 b4 8. Na4
Bg4 9. Be3 Nxe4 10. Bd5 Qd7 11. Nb6 Qf5 12. Bxc6+ Kd8 13. Nxa8 Nxc5 14. h3 Bxf3
15. Bxf3 b3 16. axb3 g5 17. g4 Qe6 18. Bd5 Qe5 19. Bxf7 Bg7 20. c3 Qe4 21. Bd5
Qe5 22. b4 Nd7 23. Rxa6 Rf8 24. O-O Nf6 25. Bb6+ Kc8 26. Re1 Qxd5 27. Qe2 Nd7
28. Qxe7 Qf7 29. Qxd6 Be5 30. Qc6+ Kb8 31. Ba7# 1-0

[Event "AUTO-INT-1772"]
[Site "http://www.queenalice.com/game.php?id=810300"]
[Date "2010.7.29"]
[Round "1"]
[White "Elquimico"]
[Black "rajneesh"]
[Result "1-0"]
[WhiteElo "1565"]
[BlackElo "1543"]

1. e3 e5 2. Nf3 e4 3. Nd4 Nf6 4. Bb5 c6 5. Ba4 b5 6. Bb3 a5 7. a3 Ba6 8. d3 c5
9. Nf5 g6 10. Ng3 d5 11. O-O Bg7 12. dxe4 c4 13. Ba2 O-O 14. Nc3 dxe4 15. Bd2
Re8 16. a4 Qb6 17. b3 Nbd7 18. axb5 Bxb5 19. bxc4 Bc6 20. Rb1 Qc7 21. f3 exf3
22. gxf3 Ra6 23. e4 Qa7+ 24. Kg2 Rb8 25. Nd5 Bxd5 26. cxd5 Qc7 27. f4 Rc8 28. e5
Ne8 29. e6 fxe6 30. dxe6 Ndf6 31. Be3 Kf8 32. Qe2 Qxc2 33. e7+ Kxe7 34. Bc5+ 1-0

[Event "AUTO-INT-1772"]
[Site "http://www.queenalice.com/game.php?id=810301"]
[Date "2010.7.29"]
[Round "1"]
[White "rajneesh"]
[Black "Elquimico"]
[Result "1-0"]
[WhiteElo "1554"]
[BlackElo "1580"]

1. e4 e5 2. Nf3 d6 3. d4 c5 4. dxe5 Nc6 5. Bb5 Qa5+ 6. Nc3 a6 7. Bxc6+ bxc6 8.
exd6 Bd7 9. Bd2 Bxd6 10. e5 Be7 11. Nd5 Qd8 12. Nxe7 Nxe7 13. O-O O-O 14. c4 Bg4
15. Qb3 Bxf3 16. Qxf3 Qxd2 17. Rad1 Qxb2 18. Rd7 Qxe5 19. Rfd1 Nf5 20. Qxc6 Rfe8
21. g3 Nd4 22. Qb7 Qe2 23. Rb1 Qxc4 24. Kg2 Qxa2 25. Re1 Ne2 26. Red1 h6 27.
R1d5 Rab8 28. Qa7 Nc3 29. Rf5 Nb5 30. Qxc5 Qe6 31. Rfxf7 Qe4+ 32. Kh3 Qe6+ 33.
g4 Rbc8 34. Rxg7+ Kh8 35. Rh7+ Kg8 36. Rdg7# 1-0

[Event "AUTO-INT-1778"]
[Site "http://www.queenalice.com/game.php?id=812674"]
[Date "2010.8.3"]
[Round "1"]
[White "Elquimico"]
[Black "THECRAZY"]
[Result "0-1"]
[WhiteElo "1556"]
[BlackElo "1751"]

1. e3 e5 2. Nf3 e4 3. Nd4 d5 4. Nc3 Nf6 5. Bb5+ c6 6. Be2 a6 7. f3 Bb4 8. fxe4
Bxc3 9. bxc3 Nxe4 10. O-O Qg5 11. Nf3 Qe7 12. c4 O-O 13. a4 Re8 14. Bb2 Bg4 15.
Nd4 Bxe2 16. Qxe2 Nd7 17. Nf5 Qg5 18. d3 Nef6 19. h4 Qg4 20. Rae1 Qg6 21. cxd5
Nxd5 0-1

[Event "AUTO-INT-1778"]
[Site "http://www.queenalice.com/game.php?id=812675"]
[Date "2010.8.3"]
[Round "1"]
[White "THECRAZY"]
[Black "Elquimico"]
[Result "1-0"]
[WhiteElo "1770"]
[BlackElo "1548"]

1. d4 e6 2. c4 c5 3. d5 e5 4. e4 Bd6 5. Nc3 Nf6 6. Bg5 h6 7. Bh4 Na6 8. a3 Nc7
9. Bd3 g5 10. Bg3 h5 11. h3 Qe7 12. Nf3 h4 13. Bh2 g4 14. Ng5 gxh3 15. Nxh3 Nh5
16. O-O Nf4 17. Nxf4 exf4 18. Qf3 Qg5 19. Rae1 Be5 20. Ne2 h3 21. g3 1-0

[Event "AUTO-INT-1778"]
[Site "http://www.queenalice.com/game.php?id=812676"]
[Date "2010.8.3"]
[Round "1"]
[White "Elquimico"]
[Black "ErasmudoPorto"]
[Result "0-1"]
[WhiteElo "1574"]
[BlackElo "1871"]

1. e3 d6 2. Nf3 Nd7 3. Bc4 Ngf6 4. Ng5 d5 5. Bb3 h6 6. Nf3 e5 7. d4 e4 8. Ne5
Nxe5 9. dxe5 Ng4 10. Qe2 Nxe5 11. Nc3 Bg4 12. Ba4+ c6 13. Qf1 Bd6 14. h3 Bh5 15.
a3 Qh4 16. Ne2 O-O 17. Nf4 Rae8 18. b4 Nc4 19. c3 Bxf4 20. exf4 Qf6 21. Bd2 e3
22. fxe3 Nxe3 23. Bxe3 Qxc3+ 24. Kf2 Qxe3# 0-1

[Event "AUTO-INT-1778"]
[Site "http://www.queenalice.com/game.php?id=812677"]
[Date "2010.8.3"]
[Round "1"]
[White "ErasmudoPorto"]
[Black "Elquimico"]
[Result "1-0"]
[WhiteElo "1970"]
[BlackElo "1558"]

1. d4 e6 2. e3 c5 3. Nf3 cxd4 4. exd4 Nc6 5. c4 Nf6 6. Bg5 Bb4+ 7. Nc3 Bxc3+ 8.
bxc3 h6 9. Bh4 O-O 10. Bd3 a6 11. Ne5 b5 12. cxb5 axb5 13. Qf3 g5 14. Bg3 Bb7
15. Qe2 b4 16. Qc2 d6 17. Nc4 e5 18. dxe5 Nxe5 19. Bxe5 dxe5 20. Bf5 Qd5 21. Bd3
Qxg2 22. O-O-O e4 23. Be2 bxc3 24. Qxc3 Rxa2 25. Qxf6 e3 26. Nxe3 Rc8+ 27. Bc4
Rc7 28. Rd8+ Kh7 29. Rh8# 1-0

[Event "AUTO-INT-1778"]
[Site "http://www.queenalice.com/game.php?id=812678"]
[Date "2010.8.3"]
[Round "1"]
[White "Elquimico"]
[Black "xmballd"]
[Result "0-1"]
[WhiteElo "1576"]
[BlackElo "1700"]

1. e3 e5 2. c4 d5 3. Nf3 Nc6 4. cxd5 Qxd5 5. Nc3 Qd8 6. Bb5 Bd6 7. Bxc6+ bxc6 8.
d4 exd4 9. Qxd4 Nf6 10. O-O O-O 11. e4 c5 12. Qd3 Re8 13. Re1 Bxh2+ 14. Nxh2
Qxd3 15. Be3 Nxe4 16. Rad1 Qc4 17. Bd2 Bf5 18. f3 Nxd2 19. Ne4 Nxe4 20. fxe4
Rxe4 21. Rxe4 Bxe4 22. Re1 Qc2 23. Nf3 Bxf3 24. gxf3 Kf8 25. Rf1 Re8 26. Rf2 Re2
27. Rxe2 Qxe2 28. b3 h5 29. a4 h4 30. a5 h3 31. a6 Qg2# 0-1

[Event "AUTO-INT-1778"]
[Site "http://www.queenalice.com/game.php?id=812679"]
[Date "2010.8.3"]
[Round "1"]
[White "xmballd"]
[Black "Elquimico"]
[Result "1-0"]
[WhiteElo "1803"]
[BlackElo "1504"]

1. e4 c6 2. d4 d5 3. exd5 cxd5 4. Bd3 Nf6 5. Nf3 Bg4 6. h3 Bxf3 7. Qxf3 e6 8.
O-O Bd6 9. Bg5 Nbd7 10. c4 h6 11. Bh4 a6 12. cxd5 exd5 13. Re1+ Be7 14. Qe3 O-O
15. Qxe7 Re8 16. Qxd8 Raxd8 17. Nc3 g5 18. Bg3 b5 19. a3 Nb6 20. Be5 Nh5 21. g3
Nd7 22. Be2 Nhf6 23. Bc7 Rc8 24. Bd6 Rc6 25. Bb4 Ne4 26. Bg4 Ndf6 27. Nxe4 dxe4
28. Bc3 h5 29. d5 Rc4 30. Bxf6 hxg4 31. d6 gxh3 32. d7 Rf8 33. d8=Q Rxd8 34.
Bxd8 g4 35. Rac1 Rd4 36. Rcd1 Rc4 37. Bf6 b4 38. Rd4 Rxd4 39. Bxd4 bxa3 40. bxa3
a5 41. Rxe4 f5 42. Rf4 Kf7 43. Rxf5+ Kg6 44. Rxa5 Kh7 45. Re5 Kh6 46. a4 h2+ 47.
Kxh2 Kg6 48. a5 Kf6 49. a6 1-0